Growth and structural change in the Malaysian economy
| Main Author: | |
|---|---|
| Format: | Book |
| Published: |
London :
Macmillan ,
1990
|
| Subjects: |
MARC
| LEADER | 00000cam a2200000 7i4500 | ||
|---|---|---|---|
| 001 | 0000003552 | ||
| 002 | 000003822 | ||
| 005 | 20000330.0 | ||
| 020 | |a 0333496787 | ||
| 090 | 0 | 0 | |a 330.9595 |b JOM |
| 100 | 0 | |a Jomo Kwame Sundram | |
| 245 | 1 | 0 | |a Growth and structural change in the Malaysian economy |c Jomo Kwame Sundram |
| 260 | |a London : |b Macmillan , |c 1990 | ||
| 300 | |a 262p. ; |c 21cm. | ||
| 650 | 0 | 0 | |a Malaysia |x Economic conditions |
| 999 | |a 037002 |b BUKU |c MALAYSIANA |e PERPUSTAKAAN KOMUNITI PETALING JAYA | ||